Statistics for Islands by Letter - B

Click here to take the quiz!

General Stats

  • This quiz has been taken 157 times
  • The average score is 10 of 18

Answer Stats

HintIsland% Correct
Indonesian resort islandBali
99%
Namesake of a mysterious "triangle"Bermuda
96%
Island country in the Persian GulfBahrain
95%
Where Rihanna was bornBarbados
93%
Antigua's counter-partBarbuda
91%
Island shared by three different countriesBorneo
88%
Largest Canadian islandBaffin
86%
Pacific coral atoll on which the U.S.
tested 23 nuclear bombs
Bikini
74%
The B in Netherlands' ABC islandsBonaire
60%
Russian island or a communist factionBolshevik
56%
Repetitive French Polynesian islandBora Bora
55%
Oceanian island that overwhelmingly
voted for independent in 2019
Bougainville
37%
Another major Canadian islandBanks
32%
Equatorial Guinea's main islandBioko
26%
Danish island closer to SwedenBornholm
22%
Indonesian island south of SingaporeBatam
12%
Home to the Chocolate HillsBohol
12%
Third largest Croatian islandBrač
10%

Score Distribution

Percentile by Number Answered

Percent of People with Each Score

Your Score History

You have not taken this quiz